<?xml version="1.0" encoding="UTF-8"?>
<record
    xmlns:xsi="http://www.w3.org/2001/XMLSchema-instance"
    xsi:schemaLocation="http://www.loc.gov/MARC21/slim http://www.loc.gov/standards/marcxml/schema/MARC21slim.xsd"
    xmlns="http://www.loc.gov/MARC21/slim">

  <leader>01400cam a2200241 a 4500</leader>
  <controlfield tag="003">OSt</controlfield>
  <controlfield tag="005">20200805113200.0</controlfield>
  <controlfield tag="008">960122t1995    ck     gr     0     spa d</controlfield>
  <datafield tag="020" ind1=" " ind2=" ">
    <subfield code="a">9589166229 </subfield>
  </datafield>
  <datafield tag="040" ind1=" " ind2=" ">
    <subfield code="a">CO-BoPUJ</subfield>
    <subfield code="c">CO-JMCR</subfield>
  </datafield>
  <datafield tag="041" ind1="0" ind2=" ">
    <subfield code="a">spa</subfield>
  </datafield>
  <datafield tag="082" ind1="0" ind2="4">
    <subfield code="a">348.62 / </subfield>
    <subfield code="b">V732d</subfield>
    <subfield code="2">23</subfield>
  </datafield>
  <datafield tag="100" ind1="1" ind2=" ">
    <subfield code="a">Villegas Arbel&#xE1;ez, Jairo,</subfield>
    <subfield code="e">autor</subfield>
    <subfield code="9">8427</subfield>
  </datafield>
  <datafield tag="245" ind1="1" ind2="0">
    <subfield code="a">Derecho administrativo laboral : </subfield>
    <subfield code="b">funcionarios, empleados p&#xFA;blicos y trabajadores oficiales / </subfield>
    <subfield code="c">Jairo Villegas Arbel&#xE1;ez</subfield>
  </datafield>
  <datafield tag="250" ind1=" " ind2=" ">
    <subfield code="a">Segunda edici&#xF3;n </subfield>
  </datafield>
  <datafield tag="260" ind1=" " ind2=" ">
    <subfield code="a">Bogot&#xE1; : </subfield>
    <subfield code="b">Rodriguez Quito, </subfield>
    <subfield code="c">1995.</subfield>
  </datafield>
  <datafield tag="300" ind1=" " ind2=" ">
    <subfield code="a">351 p&#xE1;ginas </subfield>
    <subfield code="c">24 cm.</subfield>
  </datafield>
  <datafield tag="505" ind1="0" ind2=" ">
    <subfield code="a">Del trabajo ubicaci&#xF3;n y principios constitucionales -- De la estructura y funciones laborales del estado -- Del empleo y su regulaci&#xF3;n -- De la relaci&#xF3;n laboral y otros modos -- De las categor&#xED;as laborales -- De la clasificaci&#xF3;n laboral: entidades descentralizadas -- De la teor&#xED;a estatutaria -- De los trabajadores oficiales -- Del ingreso a la funci&#xF3;n p&#xFA;blica -- De las situaciones administrativas -- Del salario -- De las prestaciones sociales -- De la estabilidad -- De la carrera administrativa -- De losa derechos, deberes, prohibiciones e incompatibilidad -- De la responsabilidad disciplinaria    </subfield>
  </datafield>
  <datafield tag="650" ind1="1" ind2="4">
    <subfield code="a">Derecho laboral</subfield>
    <subfield code="z">Colombia</subfield>
    <subfield code="9">8055</subfield>
  </datafield>
  <datafield tag="650" ind1="2" ind2="4">
    <subfield code="a">Relaciones laborales</subfield>
    <subfield code="z">Colombia</subfield>
    <subfield code="9">8428</subfield>
  </datafield>
  <datafield tag="650" ind1="2" ind2="4">
    <subfield code="a">Derecho administrativo</subfield>
    <subfield code="z">Colombia</subfield>
    <subfield code="9">8206</subfield>
  </datafield>
  <datafield tag="942" ind1=" " ind2=" ">
    <subfield code="2">ddc</subfield>
    <subfield code="c">BK</subfield>
  </datafield>
  <datafield tag="999" ind1=" " ind2=" ">
    <subfield code="c">6781</subfield>
    <subfield code="d">6781</subfield>
  </datafield>
  <datafield tag="952" ind1=" " ind2=" ">
    <subfield code="0">0</subfield>
    <subfield code="1">0</subfield>
    <subfield code="2">ddc</subfield>
    <subfield code="4">0</subfield>
    <subfield code="7">0</subfield>
    <subfield code="a">CPL</subfield>
    <subfield code="b">CPL</subfield>
    <subfield code="c">GEN</subfield>
    <subfield code="d">2018-04-15</subfield>
    <subfield code="e">Donaci&#xF3;n </subfield>
    <subfield code="l">2</subfield>
    <subfield code="m">1</subfield>
    <subfield code="o">348.62 /  V732d</subfield>
    <subfield code="p">201809954</subfield>
    <subfield code="r">2025-07-07 15:57:33</subfield>
    <subfield code="s">2025-06-12</subfield>
    <subfield code="t">Ej.1</subfield>
    <subfield code="w">2020-08-05</subfield>
    <subfield code="y">BK</subfield>
    <subfield code="z">Exlibris: IEGG en el refilado.</subfield>
  </datafield>
</record>
